ARRUPE JESUIT UNIVERSITY

CORONAVIRUS -STOP THE SPREAD - CLEAN,DISINFECT,COVER
Normal view MARC view

Entry Personal Name

Number of records used in: 1

001 - CONTROL NUMBER

  • control field: 32638

003 - CONTROL NUMBER IDENTIFIER

  • control field: ARRUPE

005 - DATE AND TIME OF LATEST TRANSACTION

  • control field: 20170614112451.0

008 - FIXED-LENGTH DATA ELEMENTS

  • fixed length control field: 170614|| aca||aabn | a|a d

040 ## - CATALOGING SOURCE

  • Original cataloging agency: ARRUPE
  • Transcribing agency: ARRUPE

100 ## - HEADING--PERSONAL NAME

  • Personal name: Brazza, Pierre Savorgnan de,
  • Dates associated with a name: 1852-1905.

670 ## - SOURCE DATA FOUND

  • Source citation: Work cat.: (ARRUPE)1480: West, Richard, 1930-2015. 32637, Brazza of the Congo:, 1972.

 

Arrupe Library. PO Box MP320 Mt Pleasant, Harare, Zimbabwe
263 242 745411|librarian@aju.ac.zw